01237nam a2200289 i 450000100060000000300090000600500170001500700030003200800410003508000140007608000130009010000500010324501690015324600690032226000470039130000510043849000300048950000150051959901200053465000230065465000380067770000340071583000380074985200220078799900170080995201210082621640ES-MaACL20250806064054.0t|021126s1957 sp af |||| | spa d a579.716.8 a582(084)1 aAlcázar Fernández-Moreno, Augusto.91953610aFitología gráfica b: herbario naturalista (estudio farmacéutico de las plantas) / cAugusto Alcázar Fernández-Moreno ; prólogo de Salvador Rivas Goday.34iSubtítulo de cubiertaaHerbolario naturalista y farmacéutico aMadrid : bDossat, c1957 (f[J. López]) aVII, 428 p., 65 lám. col. : bil. ; c30 cm.1 aColección agrotécnica aÍndices. aEn cub.: "430 láminas de plantas, 65... en color, con un vocabulario científico y otro de sinónimos vulgares" 4aHerbarios.914938107aPlantas medicinales2embne9161181 aRivas Goday, Salvador.9975760 aColección agrotécnica9228961 aES-MaACLjC-12843 c21640d21640 00104070aATENEOMbATENEOMcSPALd2008-01-17eSCl0oC-12843p1022241r2023-02-23 00:00:00w2023-02-23yMONOGRAFIA